NLSUI OPAC header image

Pakistan's criminal folly in Kashmir (Record no. 12604)

MARC details
000 -LEADER
fixed length control field 00462nam a2200157Ia 4500
008 - FIXED-LENGTH DATA ELEMENTS--GENERAL INFORMATION
fixed length control field 160316s1998 xxu||||| |||| 00| 0 eng d
082 ## - DEWEY DECIMAL CLASSIFICATION NUMBER
Classification number 320.954600
Item number CHI
100 ## - MAIN ENTRY--PERSONAL NAME
Personal name Chibber M L
245 ## - TITLE STATEMENT
Title Pakistan's criminal folly in Kashmir
250 ## - EDITION STATEMENT
Edition statement
260 ## - PUBLICATION, DISTRIBUTION, ETC.
Place of publication, distribution, etc. New Delhi
Name of publisher, distributor, etc. Manas Publications
Date of publication, distribution, etc. 1998
300 ## - PHYSICAL DESCRIPTION
Extent 247p
Other physical details
Dimensions
365 ## - TRADE PRICE
Price amount Rs.395/-
650 ## - SUBJECT ADDED ENTRY--TOPICAL TERM
Topical term or geographic name entry element 1.Kashmir Problem - Pakistans Criminal Activities<br/>2.Pakistans Interference - Kashmir
700 ## - ADDED ENTRY--PERSONAL NAME
Personal name
--
Holdings
Withdrawn status Lost status Damaged status Not for loan Home library Current library Shelving location Date acquired Cost, normal purchase price Total Checkouts Full call number Barcode Date last seen Price effective from Koha item type
        . . Library Compactors 30.05.2017 395.00   320.9546 CHI 12909 30.05.2017 30.05.2017 BOOKs